000 00449nam a2200181Ia 4500
008 090123s9999 xx 000 0 und d
082 _b3710
100 _aविजयश्री
245 _aजोडी हंस
250 _a1
260 _c1974
300 _a222
600 _aविजयश्री
630 _aजोडी हंस
700 _aविजयश्री
730 _aजोडी हंस
942 _cBOOK
999 _c41789
_d41789